|
|
|
|
| LEADER |
00000cas a2200000 a 4500 |
| 001 |
vtls010594905 |
| 003 |
SK-MaSNL |
| 005 |
20260228163626.0 |
| 008 |
140505c20149999xo zr|p 0 b0slo |
| 022 |
|
|
|a 1339-6765
|
| 040 |
|
|
|a SVKBB
|b slo
|c SVKBB
|d SNK
|e AACR2
|
| 041 |
0 |
|
|a slo
|
| 044 |
|
|
|a xo
|c SK
|
| 072 |
|
7 |
|a 613
|x Hygiena. Ľudské zdravie
|2 konspekt
|
| 072 |
|
7 |
|a 347
|x Súkromné právo
|2 konspekt
|
| 080 |
|
|
|a 613.952/.954
|2 2011
|
| 080 |
|
|
|a 347.63
|2 2011
|
| 080 |
|
|
|a 173.5
|2 2011
|
| 080 |
|
|
|a 050
|2 2011
|
| 080 |
|
|
|a (051.055.2)
|2 2011
|
| 210 |
0 |
|
|a Mamama
|
| 222 |
|
0 |
|a Mamama
|
| 245 |
0 |
0 |
|a Mamama
|b čítanie pre náročné mamičky
|
| 260 |
|
|
|a Bratislava
|b Investment Project Pluto
|c 2014-
|
| 300 |
|
|
|a zv.
|c 30 cm
|
| 310 |
|
|
|a Občasník
|b 2015-
|
| 321 |
|
|
|a 6x ročne
|b 2014
|
| 362 |
0 |
|
|a Roč. 1, č. 1 (jan./febr. 2014)-
|
| 500 |
|
|
|a Evidenčné č.: EV 4897/13
|
| 500 |
|
|
|a Šéfredaktor: 2014- , Petra Bernasovská a Ľudovít Jakubove
|
| 515 |
|
|
|a Niektoré čísla vychádzajú ako dvojčíslo
|
| 650 |
0 |
7 |
|a starostlivosť o dieťa
|2 SNKPH
|9 2563
|
| 650 |
0 |
7 |
|a materstvo
|2 SNKPH
|9 18851
|
| 655 |
|
7 |
|a časopisy pre ženy
|2 SNKPH
|9 70785
|
| 700 |
1 |
|
|a Bernasovská, Petra
|4 pbd
|9 274404
|
| 700 |
1 |
|
|a Jakubove, Ľudovít
|4 pbd
|9 274405
|
| 852 |
|
|
|a Štátna vedecká knižnica v Banskej Bystrici
|
| 856 |
4 |
1 |
|u https://mamama.sk/
|
| 910 |
|
|
|a snk
|
| 999 |
|
|
|c 10045
|d 11975
|
| 952 |
|
|
|0 0
|1 0
|4 0
|7 0
|8 0
|a SNK
|b SNK
|d 2018-10-16
|i snk2018/21009
|l 0
|o snkČSB 6823/1/2014
|p 17A1340135
|r 2026-02-21 21:50:33
|t č. jan.-dec., neúplné
|w 2026-02-21
|y PREZ
|z Chýba č. júl-aug.
|
| 952 |
|
|
|0 0
|1 0
|4 0
|7 0
|8 0
|a SNK
|b SNK
|d 2018-10-16
|i snk2018/21010
|l 0
|o snkČSB 6823/2/2015
|p 17A1340134
|r 2026-02-21 21:50:33
|t č. jar-zima
|w 2026-02-21
|y PREZ
|
| 952 |
|
|
|0 0
|1 0
|4 0
|7 0
|8 0
|a SNK
|b SNK
|d 2018-10-16
|i snk2018/21011
|l 0
|o snkČSB 6823/3/2016
|p 17A1340133
|r 2026-02-21 21:50:33
|t č. jar-leto
|w 2026-02-21
|y PREZ
|
| 952 |
|
|
|0 0
|1 0
|4 0
|7 0
|8 0
|a SNK
|b SNK
|d 2018-10-16
|i snk2018/21013
|l 0
|o snkČSB 6823/1/2014 D1
|p 17A1340132
|r 2026-02-21 21:50:33
|t č. jan.-dec., neúplné
|w 2026-02-21
|y PREZ
|z Chýba č. júl-aug., sept.-dec.
|
| 952 |
|
|
|0 0
|1 0
|4 0
|7 0
|8 0
|a SNK
|b SNK
|d 2018-10-16
|i snk2018/21014
|l 0
|o snkČSB 6823/2/2015 D1
|p 17A1340131
|r 2026-02-21 21:50:33
|t č. jar-zima
|w 2026-02-21
|y PREZ
|
| 952 |
|
|
|0 0
|1 0
|4 0
|7 0
|8 0
|a SNK
|b SNK
|d 2018-10-16
|i snk2018/21015
|l 0
|o snkČSB 6823/3/2016 D1
|p 17A1340130
|r 2026-02-21 21:50:33
|t č. jar-leto
|w 2026-02-21
|y PREZ
|